Entry Personal Name
Number of records used in: 1
001 - CONTROL NUMBER
003 - CONTROL NUMBER IDENTIFIER
005 - DATE AND TIME OF LATEST TRANSACTION
- control field:
20231102142418.0
008 - FIXED-LENGTH DATA ELEMENTS
- fixed length control field:
960312n| acannaabn |a aaa c
010 ## - LIBRARY OF CONGRESS CONTROL NUMBER
- LC control number:
no 96012912
035 ## - SYSTEM CONTROL NUMBER
- System control number:
(OCoLC)oca04031845
040 ## - CATALOGING SOURCE
- Original cataloging agency:
TNJ
- Language of cataloging:
eng
- Transcribing agency:
TNJ
- Modifying agency:
NjBlaOCU
100 1# - HEADING--PERSONAL NAME
- Personal name:
Ali, Kecia
400 1# - SEE FROM TRACING--PERSONAL NAME
- Personal name:
Ali, K.
- Fuller form of name:
(Kecia)
670 ## - SOURCE DATA FOUND
- Source citation:
The historiography of women in modern Latin America, 1995:
- Information found:
t.p. (Kecia Ali; history dept., Duke University)
670 ## - SOURCE DATA FOUND
- Source citation:
Sexual ethics and Islam, 2006:
- Information found:
t.p. (K. Ali) back jkt. flap (Dr. Kecia Ali; associate professor of religion, Boston Univ.)